| 000 | 00827nam0a22002531 4500 | ||
|---|---|---|---|
| 001 | v19\rc\1723847 | ||
| 005 | 20260407010636.0 | ||
| 035 | _a(NLR Aleph) 004820884 | ||
| 090 |
_a5016731 _c5016731 |
||
| 100 | _a20061002d1912 |||y0rusy50 ca | ||
| 101 | 0 | _arus | |
| 102 | _aRU | ||
| 105 | _ay z ||||| | ||
| 200 | 1 |
_aУстав киевского общества фотографов-любителей "Дагерр" _e[Утв. 15 окт. 1901 г.] |
|
| 210 |
_aКиев _d1912 |
||
| 215 |
_a20 с. _d17 |
||
| 710 | 0 | 2 |
_a"Даггер", общество фотографов-любителей _cКиев _9492999 _3RU\NLR\AUTH\889997860 |
| 801 | 0 |
_aRU _bNLR _gpsbo |
|
| 801 | 0 |
_aRU _bRuMoRGB _2psbo |
|
| 801 | 1 |
_aRU _bProSoft-M _2rusmarc |
|
| 852 |
_aNLR _j20.41.9.362 |
||
| 899 |
_aRuMoRGB _jV 116/1551 |
||
| 942 | _cBOOK | ||
| 980 | _aNB | ||